Finančná analýza vo vybranom podniku diplomová práca

Enregistré dans:
Détails bibliographiques
Auteur principal: Tupta, Martin
Collectivité auteur: Podnikovohospodárska fakulta EU so sídlom v Košiciach. Katedra kvantitatívnych metód
Autres auteurs: Hudák, Matej, 1984-
Format: Livre
Langue:slovaque
Publié: Košice 2020
Tags: Ajouter un tag
Pas de tags, Soyez le premier à ajouter un tag!

MARC

LEADER 00000nbm a2200000 4500
001 0268010
005 20201208132743.4
041 0 |a slo 
044 |a SK 
245 1 0 |a Finančná analýza vo vybranom podniku  |b diplomová práca  |c Martin Tupta ; školiteľ: Matej Hudák 
264 1 |a Košice  |c 2020 
300 |a 75 s. 
100 1 |a Tupta, Martin 
700 1 |a Hudák, Matej, 1984- 
710 2 |a Podnikovohospodárska fakulta EU so sídlom v Košiciach. Katedra kvantitatívnych metód